Organisation fonctionnelle du tissu producteur de l' Hevea brasiliensis (Record no. 46178)

MARC details
000 -LEADER
fixed length control field 00382nam a2200133Ia 4500
100 ## - MAIN ENTRY--AUTHOR NAME
Personal name Hebant Charles
245 #0 - TITLE STATEMENT
Title Organisation fonctionnelle du tissu producteur de l' Hevea brasiliensis
260 ## - PUBLICATION, DISTRIBUTION, ETC. (IMPRINT)
Name of publisher Caoutchoucs et Plastiques
Year of publication 1981
300 ## - PHYSICAL DESCRIPTION
Number of Pages 97-100
700 ## - ADDED ENTRY--PERSONAL NAME
Personal name de Fay Elisabeth
700 ## - ADDED ENTRY--PERSONAL NAME
Personal name Devic Christine
942 ## - ADDED ENTRY ELEMENTS (KOHA)
Koha item type Reprints
Holdings
Withdrawn status Lost status Damaged status Not for loan Home library Current library Date acquired Serial Enumeration / chronology Koha item type
      Reprints RRII Library RRII Library 22/12/2021 Volume Octob, Issue 53/81 Reprints